[Event "Redbull chessmasters 2019"]
[Site "Istambul"]
[Date "2019.11.24"]
[Round "4.15"]
[White "Sabahi, Cem"]
[Black "Yazici, Ugur Doga"]
[Result "0-1"]
[WhiteElo "1604"]
[BlackElo "2195"]
[Annotator "NA"]
[PlyCount "56"]
[EventDate "2019.11.23"]
[EventType "k.o."]
[EventCountry "TUR"]
[SourceTitle "playchess.com"]
[Source "ChessBase"]
[SourceQuality "1"]
[TimeControl "600+5"]

1. e4 {[%emt 0:00:00]} e6 {[%emt 0:00:00]} 2. d3 {[%emt 0:00:01]} d5 {[%emt 0:00:05]} 3. Qe2 {[%emt 0:00:00]} Be7 {[%emt 0:00:25]} 4. Nf3 {[%emt 0:00:05]} Nf6 {[%emt 0:00:00]} 5. g3 {[%emt 0:00:05]} b6 {[%emt 0:00:26]} 6. Bg2 {[%emt 0:00:09]} Bb7 {[%emt 0:00:15]} 7. e5 {[%emt 0:00:39]} Nfd7 {[%emt 0:00:04]} 8. O-O {[%emt 0:00:11]} c5 {[%emt 0:00:05]} 9. c4 {[%emt 0:00:06]} dxc4 {[%emt 0:01:05]} 10. dxc4 {[%emt 0:00:05]} Nc6 {[%emt 0:00:00]} 11. Nc3 {[%emt 0:00:12]} Qc7 {[%emt 0:00:18]} 12. Bf4 {[%emt 0:00:14]} O-O-O {[%emt 0:00:45]} 13. Rfd1 {[%emt 0:00:59]} h6 {[%emt 0:00:12]} 14. h4 {[%emt 0:00:27]} a6 {[%emt 0:01:13]} 15. a4 {[%emt 0:00:26]} Rdg8 {[%emt 0:00:32]} 16. h5 {[%emt 0:00:36]} g5 {[%emt 0:00:14]} 17. hxg6 {[%emt 0:00:06]} fxg6 {[%emt 0:00:10]} 18. Ne4 {[%emt 0:00:05]} g5 {[%emt 0:00:24]} 19. Nd6+ {[%emt 0:00:05]} Kb8 {[%emt 0:00:12]} 20. Bc1 {[%emt 0:03:18]} g4 {[%emt 0:00:12]} 21. Nh2 {[%emt 0:00:51]} Ba8 {[%emt 0:01:32]} 22. Nf7 {[%emt 0:01:04]} Rh7 {[%emt 0:01:43]} 23. Nxh6 {[%emt 0:00:22]} Rgh8 {[%emt 0:00:03]} 24. N6xg4 {[%emt 0:00:16]} Nd4 {[%emt 0:01:01]} 25. Qd3 {[%emt 0:00:30]} Nxe5 {[%emt 0:00:29]} 26. Nxe5 {[%emt 0:00:35]} Bxg2 {[%emt 0:00:09]} 27. Kxg2 {[%emt 0:00:24]} Rxh2+ {[%emt 0:00:03]} 28. Kf1 {[%emt 0:00:15]} Rh1+ {[%emt 0:00:01]} 0-1

[Event "Redbull chessmasters 2019"]
[Site "Istambul"]
[Date "2019.11.24"]
[Round "4.16"]
[White "Aydin, Leyla"]
[Black "Sahin, Handenur"]
[Result "0-1"]
[WhiteElo "1333"]
[BlackElo "2014"]
[Annotator "NA"]
[PlyCount "71"]
[EventDate "2019.11.23"]
[EventType "k.o."]
[EventCountry "TUR"]
[SourceTitle "playchess.com"]
[Source "ChessBase"]
[SourceQuality "1"]
[TimeControl "600+5"]

1. e4 {[%emt 0:00:00]} e5 {[%emt 0:00:00]} 2. Nf3 {[%emt 0:00:01]} Nc6 {[%emt 0:00:02]} 3. Bc4 {[%emt 0:00:05]} Nf6 {[%emt 0:00:05]} 4. d4 {[%emt 0:00:00]} exd4 {[%emt 0:00:01]} 5. O-O {[%emt 0:00:13]} Nxe4 {[%emt 0:00:12]} 6. Re1 {[%emt 0:00:05]} d5 {[%emt 0:00:05]} 7. Bxd5 {[%emt 0:00:00]} Qxd5 {[%emt 0:00:00]} 8. Nc3 {[%emt 0:00:05]} Qa5 {[%emt 0:00:01]} 9. Nxe4 {[%emt 0:00:01]} Be6 {[%emt 0:00:00]} 10. Neg5 {[%emt 0:00:13]} O-O-O {[%emt 0:00:01]} 11. Nxe6 {[%emt 0:00:20]} fxe6 {[%emt 0:00:05]} 12. Rxe6 {[%emt 0:00:02]} Bd6 {[%emt 0:00:11]} 13. Bd2 {[%emt 0:00:42]} Qh5 {[%emt 0:01:10]} 14. h3 {[%emt 0:02:33]} Rhe8 {[%emt 0:01:12]} 15. Ng5 {[%emt 0:01:04]} Qxd1+ {[%emt 0:01:42]} 16. Rxd1 {[%emt 0:00:00]} h6 {[%emt 0:00:34]} 17. Rxe8 {[%emt 0:00:13]} Rxe8 {[%emt 0:00:02]} 18. Nf3 {[%emt 0:00:06]} Bc5 {[%emt 0:00:33]} 19. Kf1 {[%emt 0:01:17]} Bb6 {[%emt 0:00:46]} 20. a3 {[%emt 0:00:33]} Ne5 {[%emt 0:00:28]} 21. Nxe5 {[%emt 0:00:31]} Rxe5 {[%emt 0:00:02]} 22. Re1 {[%emt 0:00:20]} Rf5 {[%emt 0:00:31]} 23. f3 {[%emt 0:00:50]} Kd7 {[%emt 0:00:05]} 24. Re4 {[%emt 0:00:05]} c5 {[%emt 0:00:12]} 25. Rg4 {[%emt 0:00:07]} Rf7 {[%emt 0:00:02]} 26. Ke2 {[%emt 0:00:19]} c4 {[%emt 0:00:36]} 27. Re4 {[%emt 0:00:26]} Re7 {[%emt 0:01:19]} 28. Rxe7+ {[%emt 0:00:08]} Kxe7 {[%emt 0:00:05]} 29. Bb4+ {[%emt 0:00:00]} Kf6 {[%emt 0:00:08]} 30. g3 {[%emt 0:00:43]} h5 {[%emt 0:00:05]} 31. Bd6 {[%emt 0:00:23]} Ke6 {[%emt 0:00:05]} 32. Bf8 {[%emt 0:00:05]} g6 {[%emt 0:00:01]} 33. Bg7 {[%emt 0:00:14]} Kd5 {[%emt 0:00:13]} 34. Bf8 {[%emt 0:00:12]} Bc7 {[%emt 0:00:21]} 35. f4 {[%emt 0:00:06]} h4 {[%emt 0:00:05]} 36. Kf3 {[%emt 0:00:32]} 0-1

[Event "Redbull chessmasters 2019"]
[Site "Istambul"]
[Date "2019.11.24"]
[Round "5.1"]
[White "Alaz, Ahmet Efekan"]
[Black "Aliakbarov, Anar"]
[Result "0-1"]
[WhiteElo "2288"]
[BlackElo "2219"]
[Annotator "NA"]
[PlyCount "72"]
[EventDate "2019.11.23"]
[EventType "k.o."]
[EventCountry "TUR"]
[SourceTitle "playchess.com"]
[Source "ChessBase"]
[SourceQuality "1"]
[TimeControl "600+5"]

1. d4 {[%emt 0:00:00]} d5 {[%emt 0:00:00]} 2. Nf3 {[%emt 0:00:05]} Nf6 {[%emt 0:00:05]} 3. e3 {[%emt 0:00:05]} e6 {[%emt 0:00:05]} 4. Bd3 {[%emt 0:00:00]} Be7 {[%emt 0:00:00]} 5. Nbd2 {[%emt 0:00:00]} O-O {[%emt 0:00:00]} 6. O-O {[%emt 0:00:04]} c5 {[%emt 0:00:04]} 7. c3 {[%emt 0:00:05]} Nc6 {[%emt 0:00:00]} 8. dxc5 {[%emt 0:00:00]} Bxc5 {[%emt 0:00:00]} 9. e4 {[%emt 0:00:00]} dxe4 {[%emt 0:00:29]} 10. Nxe4 {[%emt 0:00:02]} Be7 {[%emt 0:00:02]} 11. Qc2 {[%emt 0:00:43]} h6 {[%emt 0:01:05]} 12. Bf4 {[%emt 0:00:50]} Nd5 {[%emt 0:00:19]} 13. Bd2 {[%emt 0:02:23]} e5 {[%emt 0:00:16]} 14. Ng3 {[%emt 0:01:54]} Bg4 {[%emt 0:00:49]} 15. Be2 {[%emt 0:00:36]} Nf4 {[%emt 0:01:42]} 16. Bxf4 {[%emt 0:02:20]} exf4 {[%emt 0:00:05]} 17. Ne4 {[%emt 0:00:02]} Qc7 {[%emt 0:00:21]} 18. Rad1 {[%emt 0:00:30]} Rfe8 {[%emt 0:00:11]} 19. Rfe1 {[%emt 0:00:10]} Bf8 {[%emt 0:00:18]} 20. h3 {[%emt 0:00:24]} Bh5 {[%emt 0:00:30]} 21. Ned2 {[%emt 0:00:59]} Rad8 {[%emt 0:00:46]} 22. Bd3 {[%emt 0:00:17]} Bc5 {[%emt 0:00:30]} 23. Rxe8+ {[%emt 0:00:12]} Rxe8 {[%emt 0:00:01]} 24. Re1 {[%emt 0:00:05]} Rd8 {[%emt 0:01:01]} 25. Bh7+ {[%emt 0:00:11]} Kh8 {[%emt 0:00:34]} 26. Be4 {[%emt 0:00:02]} Re8 {[%emt 0:00:21]} 27. Bd3 {[%emt 0:00:07]} Rxe1+ {[%emt 0:00:05]} 28. Nxe1 {[%emt 0:00:00]} g5 {[%emt 0:00:46]} 29. Ne4 {[%emt 0:00:14]} Be7 {[%emt 0:00:05]} 30. c4 {[%emt 0:00:00]} Qe5 {[%emt 0:00:07]} 31. Qc3 {[%emt 0:00:05]} Bg6 {[%emt 0:00:53]} 32. Qxe5+ {[%emt 0:00:05]} Nxe5 {[%emt 0:00:00]} 33. f3 {[%emt 0:00:05]} Bb4 {[%emt 0:00:06]} 34. Nc2 {[%emt 0:00:11]} Nxd3 {[%emt 0:00:05]} 35. Nd4 {[%emt 0:00:05]} Bxe4 {[%emt 0:00:05]} 36. fxe4 {[%emt 0:00:05]} Bc5 {[%emt 0:00:00]} 0-1

[Event "Redbull chessmasters 2019"]
[Site "Istambul"]
[Date "2019.11.24"]
[Round "5.2"]
[White "Eren, Ataberk"]
[Black "Cingoz, Ozan"]
[Result "1-0"]
[WhiteElo "2284"]
[BlackElo "2031"]
[Annotator "NA"]
[PlyCount "121"]
[EventDate "2019.11.23"]
[EventType "k.o."]
[EventCountry "TUR"]
[SourceTitle "playchess.com"]
[Source "ChessBase"]
[SourceQuality "1"]
[TimeControl "600+5"]

1. d4 {[%emt 0:00:00]} c5 {[%emt 0:00:06]} 2. d5 {[%emt 0:00:00]} e6 {[%emt 0:00:07]} 3. e4 {[%emt 0:00:00]} d6 {[%emt 0:00:18]} 4. Nc3 {[%emt 0:00:05]} Nf6 {[%emt 0:00:05]} 5. Nf3 {[%emt 0:00:00]} exd5 {[%emt 0:00:14]} 6. exd5 {[%emt 0:00:03]} Be7 {[%emt 0:00:09]} 7. Be2 {[%emt 0:00:02]} O-O {[%emt 0:00:11]} 8. O-O {[%emt 0:00:02]} Bg4 {[%emt 0:00:04]} 9. a4 {[%emt 0:00:08]} Bxf3 {[%emt 0:00:02]} 10. Bxf3 {[%emt 0:00:00]} Re8 {[%emt 0:00:31]} 11. Re1 {[%emt 0:00:02]} a6 {[%emt 0:00:49]} 12. Bf4 {[%emt 0:00:01]} Nbd7 {[%emt 0:00:13]} 13. Qd2 {[%emt 0:00:09]} Qc7 {[%emt 0:00:30]} 14. Re2 {[%emt 0:00:05]} Bf8 {[%emt 0:00:05]} 15. Rae1 {[%emt 0:00:04]} Rxe2 {[%emt 0:00:05]} 16. Rxe2 {[%emt 0:00:01]} Re8 {[%emt 0:00:05]} 17. Rxe8 {[%emt 0:00:05]} Nxe8 {[%emt 0:00:05]} 18. Qe2 {[%emt 0:00:00]} Nef6 {[%emt 0:00:26]} 19. g4 {[%emt 0:02:26]} Qd8 {[%emt 0:00:52]} 20. g5 {[%emt 0:00:12]} Ne8 {[%emt 0:00:05]} 21. h4 {[%emt 0:00:00]} g6 {[%emt 0:00:37]} 22. Ne4 {[%emt 0:00:22]} Qe7 {[%emt 0:00:19]} 23. b3 {[%emt 0:00:51]} f5 {[%emt 0:01:15]} 24. gxf6 {[%emt 0:02:40]} Ndxf6 {[%emt 0:00:34]} 25. Bg5 {[%emt 0:00:08]} Kg7 {[%emt 0:00:56]} 26. Qe3 {[%emt 0:00:39]} Qe5 {[%emt 0:01:26]} 27. Nd2 {[%emt 0:02:28]} Qxe3 {[%emt 0:00:08]} 28. fxe3 {[%emt 0:00:03]} Nd7 {[%emt 0:00:30]} 29. Nc4 {[%emt 0:00:08]} b5 {[%emt 0:00:06]} 30. axb5 {[%emt 0:00:08]} axb5 {[%emt 0:00:05]} 31. Na3 {[%emt 0:00:05]} Ne5 {[%emt 0:00:05]} 32. Be2 {[%emt 0:00:05]} b4 {[%emt 0:00:00]} 33. Nb5 {[%emt 0:00:18]} Kf7 {[%emt 0:00:43]} 34. h5 {[%emt 0:00:15]} Be7 {[%emt 0:00:31]} 35. Bf4 {[%emt 0:00:09]} Bf6 {[%emt 0:00:05]} 36. hxg6+ {[%emt 0:00:05]} hxg6 {[%emt 0:00:00]} 37. Kg2 {[%emt 0:00:05]} Ke7 {[%emt 0:00:00]} 38. Kh3 {[%emt 0:00:23]} Kd7 {[%emt 0:00:20]} 39. Bg4+ {[%emt 0:00:17]} Ke7 {[%emt 0:00:06]} 40. Na7 {[%emt 0:00:05]} Nxg4 {[%emt 0:00:05]} 41. Kxg4 {[%emt 0:00:05]} Kd7 {[%emt 0:00:05]} 42. Bg5 {[%emt 0:00:05]} Be5 {[%emt 0:00:05]} 43. Nc6 {[%emt 0:00:05]} Nc7 {[%emt 0:00:05]} 44. Nxe5+ {[%emt 0:00:05]} dxe5 {[%emt 0:00:05]} 45. e4 {[%emt 0:00:16]} Nb5 {[%emt 0:00:23]} 46. Bf6 {[%emt 0:00:28]} Kd6 {[%emt 0:00:01]} 47. Bg7 {[%emt 0:00:00]} Nd4 {[%emt 0:00:09]} 48. Bf8+ {[%emt 0:00:04]} Kd7 {[%emt 0:00:05]} 49. Bxc5 {[%emt 0:00:05]} Nxc2 {[%emt 0:00:05]} 50. Kg5 {[%emt 0:00:00]} Nd4 {[%emt 0:00:10]} 51. Bxb4 {[%emt 0:00:00]} Nxb3 {[%emt 0:00:05]} 52. Kxg6 {[%emt 0:00:05]} Nd4 {[%emt 0:00:05]} 53. Kf6 {[%emt 0:00:05]} Ne2 {[%emt 0:00:05]} 54. Kxe5 {[%emt 0:00:05]} Ng3 {[%emt 0:00:05]} 55. Be1 {[%emt 0:00:05]} Nh5 {[%emt 0:00:05]} 56. Bh4 {[%emt 0:00:05]} Ng7 {[%emt 0:00:05]} 57. Kd4 {[%emt 0:00:05]} Ne8 {[%emt 0:00:05]} 58. Bg3 {[%emt 0:00:05]} Ke7 {[%emt 0:00:05]} 59. e5 {[%emt 0:00:05]} Kd7 {[%emt 0:00:05]} 60. e6+ {[%emt 0:00:05]} Ke7 {[%emt 0:00:05]} 61. Ke4 {[%emt 0:00:00]} 1-0

[Event "Redbull chessmasters 2019"]
[Site "Istambul"]
[Date "2019.11.24"]
[Round "5.3"]
[White "Can, Melih Kaan"]
[Black "Kesgin, Halit Kaan"]
[Result "1/2-1/2"]
[WhiteElo "2138"]
[BlackElo "2061"]
[Annotator "NA"]
[PlyCount "149"]
[EventDate "2019.11.23"]
[EventType "k.o."]
[EventCountry "TUR"]
[SourceTitle "playchess.com"]
[Source "ChessBase"]
[SourceQuality "1"]
[TimeControl "600+5"]

1. d4 {[%emt 0:00:09]} d5 {[%emt 0:00:00]} 2. Bf4 {[%emt 0:00:00]} Nf6 {[%emt 0:00:02]} 3. e3 {[%emt 0:00:05]} c5 {[%emt 0:00:05]} 4. c3 {[%emt 0:00:05]} Nc6 {[%emt 0:00:04]} 5. Nd2 {[%emt 0:00:00]} e6 {[%emt 0:00:33]} 6. Bd3 {[%emt 0:00:00]} Bd6 {[%emt 0:00:00]} 7. Bxd6 {[%emt 0:00:00]} Qxd6 {[%emt 0:00:05]} 8. f4 {[%emt 0:00:00]} O-O {[%emt 0:00:29]} 9. Ngf3 {[%emt 0:00:02]} b6 {[%emt 0:00:43]} 10. O-O {[%emt 0:00:12]} a5 {[%emt 0:00:05]} 11. Qe2 {[%emt 0:00:03]} Bb7 {[%emt 0:00:56]} 12. Ne5 {[%emt 0:00:04]} Qe7 {[%emt 0:00:12]} 13. Rf3 {[%emt 0:00:10]} Nxe5 {[%emt 0:00:42]} 14. fxe5 {[%emt 0:00:05]} Ne4 {[%emt 0:00:01]} 15. Bxe4 {[%emt 0:01:06]} dxe4 {[%emt 0:00:05]} 16. Rf4 {[%emt 0:00:00]} f5 {[%emt 0:00:56]} 17. exf6 {[%emt 0:00:05]} Rxf6 {[%emt 0:00:11]} 18. Rxf6 {[%emt 0:00:23]} gxf6 {[%emt 0:00:52]} 19. Qh5 {[%emt 0:00:04]} cxd4 {[%emt 0:00:14]} 20. cxd4 {[%emt 0:00:08]} Rc8 {[%emt 0:00:13]} 21. Rf1 {[%emt 0:00:24]} f5 {[%emt 0:00:20]} 22. g4 {[%emt 0:00:14]} Rc2 {[%emt 0:00:40]} 23. Rf2 {[%emt 0:02:22]} f4 {[%emt 0:00:03]} 24. Nf1 {[%emt 0:00:09]} Rxf2 {[%emt 0:00:41]} 25. Kxf2 {[%emt 0:00:04]} Bd5 {[%emt 0:01:34]} 26. exf4 {[%emt 0:00:32]} Qb4 {[%emt 0:00:05]} 27. Qg5+ {[%emt 0:00:09]} Kf8 {[%emt 0:00:02]} 28. Qf6+ {[%emt 0:00:20]} Ke8 {[%emt 0:00:26]} 29. f5 {[%emt 0:00:28]} e3+ {[%emt 0:00:29]} 30. Kxe3 {[%emt 0:00:28]} Qe1+ {[%emt 0:00:09]} 31. Kf4 {[%emt 0:00:03]} Qxf1+ {[%emt 0:00:16]} 32. Ke5 {[%emt 0:00:01]} Qe2+ {[%emt 0:00:18]} 33. Kf4 {[%emt 0:00:26]} Qxh2+ {[%emt 0:00:30]} 34. Kg5 {[%emt 0:00:12]} Qd2+ {[%emt 0:00:24]} 35. Kh5 {[%emt 0:00:09]} Qh2+ {[%emt 0:00:03]} 36. Kg5 {[%emt 0:00:05]} Qd2+ {[%emt 0:00:05]} 37. Kh5 {[%emt 0:00:00]} h6 {[%emt 0:00:15]} 38. Qh8+ {[%emt 0:00:28]} Kd7 {[%emt 0:00:08]} 39. Qg7+ {[%emt 0:00:05]} Kc6 {[%emt 0:00:09]} 40. f6 {[%emt 0:00:02]} Qxd4 {[%emt 0:00:04]} 41. Qxh6 {[%emt 0:00:27]} Bf3 {[%emt 0:00:07]} 42. Qg6 {[%emt 0:00:51]} Bxg4+ {[%emt 0:00:05]} 43. Kh6 {[%emt 0:00:12]} Bf5 {[%emt 0:00:03]} 44. Qe8+ {[%emt 0:00:35]} Kc7 {[%emt 0:00:09]} 45. Qe7+ {[%emt 0:00:05]} Kc6 {[%emt 0:00:05]} 46. f7 {[%emt 0:00:05]} Qh8+ {[%emt 0:00:05]} 47. Kg5 {[%emt 0:00:05]} Qg7+ {[%emt 0:00:00]} 48. Kf4 {[%emt 0:00:01]} Qd4+ {[%emt 0:00:05]} 49. Kf3 {[%emt 0:00:05]} Qe4+ {[%emt 0:00:05]} 50. Kf2 {[%emt 0:00:05]} Qf4+ {[%emt 0:00:05]} 51. Ke2 {[%emt 0:00:05]} Qe4+ {[%emt 0:00:05]} 52. Kf2 {[%emt 0:00:05]} Qf4+ {[%emt 0:00:05]} 53. Ke2 {[%emt 0:00:05]} Bg4+ {[%emt 0:00:05]} 54. Kd3 {[%emt 0:00:05]} Qf1+ {[%emt 0:00:04]} 55. Ke3 {[%emt 0:00:25]} Qf3+ {[%emt 0:00:06]} 56. Kd4 {[%emt 0:00:10]} Qf4+ {[%emt 0:00:05]} 57. Kd3 {[%emt 0:00:05]} Qf1+ {[%emt 0:00:05]} 58. Ke3 {[%emt 0:00:05]} Qf3+ {[%emt 0:00:05]} 59. Kd4 {[%emt 0:00:13]} Qf4+ {[%emt 0:00:10]} 60. Kd3 {[%emt 0:00:05]} Bf5+ {[%emt 0:00:05]} 61. Ke2 {[%emt 0:00:05]} Qe4+ {[%emt 0:00:05]} 62. Kf2 {[%emt 0:00:01]} Qd4+ {[%emt 0:00:00]} 63. Kg3 {[%emt 0:00:05]} Qe3+ {[%emt 0:00:02]} 64. Kg2 {[%emt 0:00:05]} Be4+ {[%emt 0:00:05]} 65. Kf1 {[%emt 0:00:05]} Qf4+ {[%emt 0:00:05]} 66. Ke2 {[%emt 0:00:05]} Bf3+ {[%emt 0:00:05]} 67. Kd3 {[%emt 0:00:05]} Qe4+ {[%emt 0:00:05]} 68. Kd2 {[%emt 0:00:05]} Qe2+ {[%emt 0:00:05]} 69. Kc3 {[%emt 0:00:05]} Qe3+ {[%emt 0:00:05]} 70. Kc2 {[%emt 0:00:05]} Qe2+ {[%emt 0:00:05]} 71. Kc3 {[%emt 0:00:05]} Qe1+ {[%emt 0:00:08]} 72. Kd3 {[%emt 0:00:24]} Qd1+ {[%emt 0:00:07]} 73. Ke3 {[%emt 0:00:14]} Qe2+ {[%emt 0:00:03]} 74. Kf4 {[%emt 0:00:01]} Qe4+ {[%emt 0:00:02]} 75. Kg3 {[%emt 0:00:01]} 1/2-1/2

[Event "Redbull chessmasters 2019"]
[Site "Istambul"]
[Date "2019.11.24"]
[Round "5.4"]
[White "Yildiz Kadioglu, Betul Cemre"]
[Black "Yanik, Sural Emine"]
[Result "1-0"]
[WhiteElo "2338"]
[BlackElo "1834"]
[Annotator "NA"]
[PlyCount "55"]
[EventDate "2019.11.23"]
[EventType "k.o."]
[EventCountry "TUR"]
[SourceTitle "playchess.com"]
[Source "ChessBase"]
[SourceQuality "1"]
[TimeControl "600+5"]

1. d4 {[%emt 0:00:00]} d5 {[%emt 0:00:00]} 2. Nf3 {[%emt 0:00:01]} Nf6 {[%emt 0:00:01]} 3. c4 {[%emt 0:00:00]} c6 {[%emt 0:00:10]} 4. e3 {[%emt 0:00:01]} e6 {[%emt 0:00:18]} 5. Nbd2 {[%emt 0:00:01]} Bd6 {[%emt 0:00:28]} 6. Bd3 {[%emt 0:00:02]} Nbd7 {[%emt 0:00:15]} 7. O-O {[%emt 0:00:05]} O-O {[%emt 0:00:05]} 8. e4 {[%emt 0:00:00]} dxe4 {[%emt 0:00:05]} 9. Nxe4 {[%emt 0:00:00]} Nxe4 {[%emt 0:00:05]} 10. Bxe4 {[%emt 0:00:03]} f5 {[%emt 0:01:06]} 11. Bc2 {[%emt 0:00:06]} Nf6 {[%emt 0:00:08]} 12. Qe2 {[%emt 0:00:15]} Qc7 {[%emt 0:00:21]} 13. Bg5 {[%emt 0:02:07]} Bf4 {[%emt 0:00:54]} 14. Bxf4 {[%emt 0:00:22]} Qxf4 {[%emt 0:00:05]} 15. Qe5 {[%emt 0:00:14]} Qh6 {[%emt 0:00:19]} 16. Rad1 {[%emt 0:00:44]} Ng4 {[%emt 0:00:28]} 17. Qd6 {[%emt 0:00:10]} Qf6 {[%emt 0:00:45]} 18. h3 {[%emt 0:00:39]} Rd8 {[%emt 0:00:30]} 19. Qf4 {[%emt 0:00:12]} Nh6 {[%emt 0:00:08]} 20. Qe5 {[%emt 0:00:22]} Qe7 {[%emt 0:00:28]} 21. Qe2 {[%emt 0:01:06]} Qf6 {[%emt 0:01:23]} 22. Qe5 {[%emt 0:00:01]} Qe7 {[%emt 0:00:07]} 23. Rfe1 {[%emt 0:00:01]} Nf7 {[%emt 0:00:05]} 24. Qxf5 {[%emt 0:00:29]} g6 {[%emt 0:00:54]} 25. Qf4 {[%emt 0:00:06]} Rf8 {[%emt 0:00:25]} 26. Qg3 {[%emt 0:00:26]} Nd6 {[%emt 0:00:28]} 27. b3 {[%emt 0:00:32]} Qf6 {[%emt 0:00:33]} 28. Qxd6 {[%emt 0:00:03]} 1-0

[Event "Redbull chessmasters 2019"]
[Site "Istambul"]
[Date "2019.11.24"]
[Round "5.5"]
[White "Inan, Canberk"]
[Black "Kilic, Efe Mert"]
[Result "0-1"]
[WhiteElo "1941"]
[BlackElo "2247"]
[Annotator "NA"]
[PlyCount "80"]
[EventDate "2019.11.23"]
[EventType "k.o."]
[EventCountry "TUR"]
[SourceTitle "playchess.com"]
[Source "ChessBase"]
[SourceQuality "1"]
[TimeControl "600+5"]

1. d4 {[%emt 0:00:00]} d6 {[%emt 0:00:00]} 2. c4 {[%emt 0:00:05]} e5 {[%emt 0:00:05]} 3. Nc3 {[%emt 0:00:00]} Nd7 {[%emt 0:00:06]} 4. e3 {[%emt 0:00:38]} g6 {[%emt 0:00:10]} 5. Nf3 {[%emt 0:00:05]} Bg7 {[%emt 0:00:05]} 6. Be2 {[%emt 0:00:04]} Ngf6 {[%emt 0:00:23]} 7. O-O {[%emt 0:00:05]} O-O {[%emt 0:00:05]} 8. b3 {[%emt 0:00:07]} Re8 {[%emt 0:00:40]} 9. Bb2 {[%emt 0:00:38]} exd4 {[%emt 0:00:20]} 10. exd4 {[%emt 0:00:33]} d5 {[%emt 0:00:07]} 11. cxd5 {[%emt 0:00:46]} Nb6 {[%emt 0:00:04]} 12. Ne5 {[%emt 0:00:10]} Nbxd5 {[%emt 0:00:11]} 13. Nxd5 {[%emt 0:01:07]} Nxd5 {[%emt 0:00:05]} 14. Bf3 {[%emt 0:00:18]} c6 {[%emt 0:00:05]} 15. Re1 {[%emt 0:00:12]} Be6 {[%emt 0:00:24]} 16. Rc1 {[%emt 0:00:16]} Qg5 {[%emt 0:01:39]} 17. Rc5 {[%emt 0:01:56]} Bf8 {[%emt 0:00:11]} 18. Bc1 {[%emt 0:00:17]} Qf6 {[%emt 0:00:06]} 19. Rc2 {[%emt 0:00:18]} Nb4 {[%emt 0:00:15]} 20. Rce2 {[%emt 0:00:11]} Red8 {[%emt 0:00:34]} 21. a3 {[%emt 0:00:18]} Nd5 {[%emt 0:00:07]} 22. g3 {[%emt 0:01:10]} Nc3 {[%emt 0:00:11]} 23. Qd3 {[%emt 0:00:15]} Nxe2+ {[%emt 0:00:06]} 24. Qxe2 {[%emt 0:00:05]} Bd5 {[%emt 0:00:21]} 25. Bg4 {[%emt 0:00:35]} Bg7 {[%emt 0:02:07]} 26. h4 {[%emt 0:00:40]} h6 {[%emt 0:00:24]} 27. h5 {[%emt 0:00:41]} g5 {[%emt 0:00:03]} 28. Be3 {[%emt 0:00:24]} Re8 {[%emt 0:00:23]} 29. Qc2 {[%emt 0:00:17]} Re7 {[%emt 0:00:35]} 30. b4 {[%emt 0:00:11]} Rae8 {[%emt 0:00:13]} 31. Qc5 {[%emt 0:00:01]} b6 {[%emt 0:00:51]} 32. Qc3 {[%emt 0:00:03]} Qd6 {[%emt 0:00:17]} 33. Qd3 {[%emt 0:00:08]} Be6 {[%emt 0:00:09]} 34. Bxe6 {[%emt 0:00:09]} Rxe6 {[%emt 0:00:05]} 35. Qc4 {[%emt 0:00:04]} Qd5 {[%emt 0:00:02]} 36. Qc2 {[%emt 0:00:00]} Bxe5 {[%emt 0:00:18]} 37. dxe5 {[%emt 0:00:03]} Rxe5 {[%emt 0:00:05]} 38. Rd1 {[%emt 0:00:05]} Qf3 {[%emt 0:00:05]} 39. Qc4 {[%emt 0:00:05]} Qxd1+ {[%emt 0:00:05]} 40. Kg2 {[%emt 0:00:05]} Qd5+ {[%emt 0:00:01]} 0-1

[Event "Redbull chessmasters 2019"]
[Site "Istambul"]
[Date "2019.11.24"]
[Round "5.6"]
[White "Tarlabasi, Emirhan"]
[Black "Ozdemir, Serhan Berat"]
[Result "1-0"]
[WhiteElo "2316"]
[BlackElo "2096"]
[Annotator "NA"]
[PlyCount "71"]
[EventDate "2019.11.23"]
[EventType "k.o."]
[EventCountry "TUR"]
[SourceTitle "playchess.com"]
[Source "ChessBase"]
[SourceQuality "1"]
[TimeControl "600+5"]

1. d4 {[%emt 0:00:00]} Nf6 {[%emt 0:00:00]} 2. Nf3 {[%emt 0:00:12]} g6 {[%emt 0:00:01]} 3. e3 {[%emt 0:00:05]} Bg7 {[%emt 0:00:00]} 4. Be2 {[%emt 0:00:00]} O-O {[%emt 0:00:02]} 5. O-O {[%emt 0:00:04]} d6 {[%emt 0:00:03]} 6. c4 {[%emt 0:00:00]} c5 {[%emt 0:00:13]} 7. d5 {[%emt 0:00:00]} e6 {[%emt 0:00:31]} 8. Nc3 {[%emt 0:00:00]} exd5 {[%emt 0:00:02]} 9. cxd5 {[%emt 0:00:00]} Re8 {[%emt 0:00:10]} 10. Nd2 {[%emt 0:00:01]} b6 {[%emt 0:01:05]} 11. e4 {[%emt 0:00:08]} Ba6 {[%emt 0:00:19]} 12. a4 {[%emt 0:00:48]} Bxe2 {[%emt 0:00:34]} 13. Qxe2 {[%emt 0:00:02]} Qe7 {[%emt 0:01:14]} 14. Re1 {[%emt 0:02:34]} Nbd7 {[%emt 0:01:31]} 15. h3 {[%emt 0:00:15]} Nh5 {[%emt 0:01:12]} 16. Nf1 {[%emt 0:00:35]} Rac8 {[%emt 0:00:30]} 17. a5 {[%emt 0:00:11]} Qh4 {[%emt 0:02:33]} 18. Qg4 {[%emt 0:01:16]} Qxg4 {[%emt 0:00:18]} 19. hxg4 {[%emt 0:00:05]} Bxc3 {[%emt 0:00:05]} 20. bxc3 {[%emt 0:00:05]} Nhf6 {[%emt 0:00:05]} 21. axb6 {[%emt 0:00:05]} Nxb6 {[%emt 0:00:32]} 22. f3 {[%emt 0:00:43]} Nfxd5 {[%emt 0:00:19]} 23. Bd2 {[%emt 0:00:01]} Ne7 {[%emt 0:00:27]} 24. Rxa7 {[%emt 0:00:09]} Nc6 {[%emt 0:00:01]} 25. Ra6 {[%emt 0:00:10]} Nc4 {[%emt 0:00:03]} 26. Bf4 {[%emt 0:00:25]} N6e5 {[%emt 0:00:01]} 27. Rd1 {[%emt 0:00:07]} Ra8 {[%emt 0:00:15]} 28. Rda1 {[%emt 0:00:28]} Rxa6 {[%emt 0:00:05]} 29. Rxa6 {[%emt 0:00:00]} Rb8 {[%emt 0:00:03]} 30. Ne3 {[%emt 0:00:26]} Rb6 {[%emt 0:00:10]} 31. Ra8+ {[%emt 0:01:02]} Kg7 {[%emt 0:00:05]} 32. Nd5 {[%emt 0:00:09]} Rb1+ {[%emt 0:00:06]} 33. Kh2 {[%emt 0:00:05]} Rb2 {[%emt 0:00:00]} 34. Kh3 {[%emt 0:00:37]} h6 {[%emt 0:00:02]} 35. g5 {[%emt 0:00:20]} h5 {[%emt 0:00:11]} 36. Nf6 {[%emt 0:00:13]} 1-0